La teología de la liberación: en el nuevo escenario político y religioso

Presenta a continuación el autor las condiciones (externas e internas) que hicieron posible que hace unos 40 años surgiera en la mente de diversos estudiosos del cristianismo en general y de la teología en particular la idea concreta de `profundizar en la siguiente idea: la teología puede y debe ser...

Full description

Bibliographic Details
Main Author: Tamayo, Juan José
Format: Book
Language:Spanish
Edition:2a ed.
Subjects:

MARC

LEADER 00000cam a2200000 a 4500
001 113824
003 Ucuenca
005 20230308190416.0
008 015092|2011 sp |||||r|||||||||||spa||
020 |a 9788499850399 
040 |b spa 
041 0 |a spa 
082 0 |a 230.046 4 
100 1 |a Tamayo, Juan José  |9 122628 
245 3 |a La teología de la liberación:   |b en el nuevo escenario político y religioso  |c Juan José Tamayo  |h imp 
250 |a 2a ed. 
264 |a Valencia  |b Tirant lo Blanch  |c 2011 
300 |a 556 páginas:  |c 21.5 cm 
520 3 |a Presenta a continuación el autor las condiciones (externas e internas) que hicieron posible que hace unos 40 años surgiera en la mente de diversos estudiosos del cristianismo en general y de la teología en particular la idea concreta de `profundizar en la siguiente idea: la teología puede y debe ser la palanca que sirva para la liberación de la inmensa mayoría de la población de la tierra, más de 65%, que vive oprimida por un sistema económico y social profundamente injusto. A esas gentes, cuya idea principal es simplemente sobrevivir, no se puede hablar de religión, salvación definitiva o espiritualidad, si antes no consigue mejorar su situación, de modo que le que quede un poco de otium y pueda pensar en algo diferente a la mera supervivencia. 
650 |a Teologia de la liberacion  |9 390 
650 4 |a Religión  |9 1164 
852 |a UC-CDJBV  |f Compra  |l 1  |m General  |p 20150929  |q 64.80  |r 2  |t 113824  |v filo  |w Filosofía, Sociología y Economía  |y 5431596  |b 0  |d CDRC  |e CDRC  |g 230.046 4 PRIMER PISO  |z 2015-50-92 
856 |a http://sibuc.ucuenca.edu.ec/portada/113824-cdj.jpg 
942 |c BK  |2 ddc  |z luz.vázquez@ucuenca.edu.ec  |0 3 
999 |c 72824  |d 72824